000 00462nam a22001577a 4500
003 URS
005 20250708133640.0
040 _cURS
050 _aKPM 3110
_bVR 2016
100 _aValencia, Edwin
_d2016
_eAuthor
245 _aTrTransfer and Business Taxation:
_bPrinciples and Laws with Accounting Applications
264 _aPhilippines:
_bValencia Educational Supply,
_c[2016]
300 _a782 pages
700 _aRoxas, Gregorio
_d2016
_eAuthor
942 _2lcc
_cF
999 _c83449
_d83448